<?xml version="1.0" encoding="UTF-8"?><?xml-stylesheet type="text/xsl" href="static/style.xsl"?><OAI-PMH xmlns="http://www.openarchives.org/OAI/2.0/" xmlns:xsi="http://www.w3.org/2001/XMLSchema-instance" xsi:schemaLocation="http://www.openarchives.org/OAI/2.0/ http://www.openarchives.org/OAI/2.0/OAI-PMH.xsd"><responseDate>2026-06-01T16:45:49Z</responseDate><request verb="GetRecord" identifier="oai:riuma.uma.es:10630/8459" metadataPrefix="marc">https://riuma.uma.es/rest/oai/request</request><GetRecord><record><header><identifier>oai:riuma.uma.es:10630/8459</identifier><datestamp>2026-02-03T12:55:37Z</datestamp><setSpec>com_10630_4717</setSpec><setSpec>com_10630_3139</setSpec><setSpec>com_10630_10</setSpec><setSpec>col_10630_8376</setSpec></header><metadata><record xmlns="http://www.loc.gov/MARC21/slim" xmlns:dcterms="http://purl.org/dc/terms/" xmlns:doc="http://www.lyncode.com/xoai" xmlns:xsi="http://www.w3.org/2001/XMLSchema-instance" xsi:schemaLocation="http://www.loc.gov/MARC21/slim http://www.loc.gov/standards/marcxml/schema/MARC21slim.xsd">
   <leader>00925njm 22002777a 4500</leader>
   <datafield ind2=" " ind1=" " tag="042">
      <subfield code="a">dc</subfield>
   </datafield>
   <datafield ind2=" " ind1=" " tag="720">
      <subfield code="a">Tsetsura, Katerina</subfield>
      <subfield code="e">author</subfield>
   </datafield>
   <datafield ind2=" " ind1=" " tag="260">
      <subfield code="c">2014-10-30</subfield>
   </datafield>
   <datafield ind2=" " ind1=" " tag="520">
      <subfield code="a">This study examines how public relations can be understood, perceived, and ultimately&#xd;
constructed as a profession through professionals’ everyday discourses. The article explores&#xd;
what it means for public relations practitioners to be considered professionals in the field that&#xd;
is actively developing in many parts of the world. The goal was to expand the understanding of&#xd;
what constitutes the profession of public relations through a qualitative analysis of workcentered&#xd;
discourses of practitioners. The results demonstrated that, specifically in Russia,&#xd;
similar to many other countries, public relations is often seen as a profession that is better&#xd;
suited for women than men due to historical, socio-economic, and societal factors as well as&#xd;
due to pre-conceived notions about public relations. This study contributes to a new theoretical&#xd;
understanding of public relations as a socially constructed profession and demonstrates how&#xd;
construction of this profession can both propel and slow down the development of the&#xd;
practice</subfield>
   </datafield>
   <datafield ind1="8" ind2=" " tag="024">
      <subfield code="a">2174-3681</subfield>
   </datafield>
   <datafield ind1="8" ind2=" " tag="024">
      <subfield code="a">http://hdl.handle.net/10630/8459</subfield>
   </datafield>
   <datafield tag="653" ind2=" " ind1=" ">
      <subfield code="a">Relaciones públicas</subfield>
   </datafield>
   <datafield tag="653" ind2=" " ind1=" ">
      <subfield code="a">Mujeres - Trabajo</subfield>
   </datafield>
   <datafield ind2="0" ind1="0" tag="245">
      <subfield code="a">Constructing public relations as a women’s profession in Russia</subfield>
   </datafield>
</record>
</metadata></record></GetRecord></OAI-PMH>